Blaming the victim: how global journalism fails those in poverty (Record no. 170680)
[ view plain ]
| 000 -LEADER | |
|---|---|
| fixed length control field | 00627nam a2200217Ia 4500 |
| 003 - CONTROL NUMBER IDENTIFIER | |
| control field | OSt |
| 005 - DATE AND TIME OF LATEST TRANSACTION | |
| control field | 20250721151227.0 |
| 008 - FIXED-LENGTH DATA ELEMENTS--GENERAL INFORMATION | |
| fixed length control field | 210423s2015 xx 000 0 und d |
| 020 ## - INTERNATIONAL STANDARD BOOK NUMBER | |
| International Standard Book Number | 9780745334417 |
| 040 ## - CATALOGING SOURCE | |
| Transcribing agency | AL |
| 041 ## - LANGUAGE CODE | |
| Language code of text/sound track or separate title | English |
| 082 ## - DEWEY DECIMAL CLASSIFICATION NUMBER | |
| Classification number | 070.449 |
| Item number | LUGB |
| 100 ## - MAIN ENTRY--PERSONAL NAME | |
| Personal name | Jairo Lugo-ocando |
| 9 (RLIN) | 96163 |
| 245 ## - TITLE STATEMENT | |
| Title | Blaming the victim: how global journalism fails those in poverty |
| 260 ## - PUBLICATION, DISTRIBUTION, ETC. | |
| Place of publication, distribution, etc. | London |
| Name of publisher, distributor, etc. | Pluto Press |
| Date of publication, distribution, etc. | 2015 |
| 300 ## - PHYSICAL DESCRIPTION | |
| Extent | viii,215 |
| Other physical details | PB |
| 365 ## - TRADE PRICE | |
| Price amount | 2628.82 |
| Currency code | INR |
| 650 ## - SUBJECT ADDED ENTRY--TOPICAL TERM | |
| Topical term or geographic name entry element | Journalism |
| 9 (RLIN) | 96164 |
| 906 ## - LOCAL DATA ELEMENT F, LDF (RLIN) | |
| a | Blaming ; fails ; global ; how ; journalism ; poverty ; those ; victim: |
| 942 ## - ADDED ENTRY ELEMENTS (KOHA) | |
| Source of classification or shelving scheme | Dewey Decimal Classification |
| Koha item type | Book |
| Withdrawn status | Lost status | Damaged status | Not for loan | Collection code | Home library | Current library | Date acquired | Source of acquisition | Cost, normal purchase price | Total Checkouts | Full call number | Barcode | Date last seen | Price effective from | Koha item type |
|---|---|---|---|---|---|---|---|---|---|---|---|---|---|---|---|
| MAJMC | St Aloysius PG Library | St Aloysius PG Library | 03/05/2020 | Biblios Book Point | 2628.82 | 070.449 LUGB | PG017182 | 08/24/2022 | 04/26/2021 | Book |